[Event "RACC ch"]
[Site "Ottawa CAN"]
[Date "2000.02.03"]
[Round "5"]
[White "Ferguson, Jim"]
[Black "Pacey, Kevin"]
[Result "0-1"]
[WhiteElo "2200"]
[BlackElo "2320"]
[PlyCount "84"]
[GameId "2160767911741557"]
[EventDate "2000.01.06"]
[EventType "swiss"]
[EventRounds "7"]
[EventCountry "CAN"]

1. e4 Nc6 2. Nf3 e6 3. d4 d5 4. e5 b6 5. Bb5 Nge7 6. Bg5 Qd7 7. Nc3 a6 8. Bd3 h6 9. Bxe7 Bxe7 10. O-O O-O 11. a3 Bb7 12. Ne2 a5 13. c3 Ba6 14. Bb1 Bxe2 15. Qxe2 a4 16. h4 h5 17. Ng5 g6 18. f4 Bxg5 19. fxg5 Ne7 20. Rf6 Kg7 21. Bc2 Rae8 22. Raf1 Nf5 23. Qf2 Rh8 24. Bd1 Qb5 25. g4 hxg4 26. Bxg4 Qd3 27. h5 Rxh5 28. Bxh5 gxh5 29. Rxf5 exf5 30. Qxf5 Qxf5 31. Rxf5 c5 32. Rf6 cxd4 33. cxd4 Rc8 34. Rxb6 Rc1+ 35. Kg2 Rd1 36. Rb4 Kg6 37. Rxa4 Kxg5 38. Ra7 Rxd4 39. Rxf7 Rd2+ 40. Rf2 Rxf2+ 41. Kxf2 Kf5 42. a4 Kxe5 0-1

[Event "RACC ch"]
[Site "Ottawa CAN"]
[Date "2000.02.10"]
[Round "6"]
[White "Sarkar, Prosanto"]
[Black "Pacey, Kevin"]
[Result "0-1"]
[WhiteElo "2191"]
[BlackElo "2320"]
[PlyCount "69"]
[GameId "2160767911741558"]
[EventDate "2000.01.06"]
[EventType "swiss"]
[EventRounds "7"]
[EventCountry "CAN"]

1. Nf3 g6 2. c4 Bg7 3. Nc3 d6 4. g3 Nc6 5. Bg2 e5 6. d3 Nge7 7. Bd2 h6 8. Rb1 Be6 9. b4 Qd7 10. O-O O-O 11. b5 Nd8 12. a4 f5 13. Ne1 g5 14. a5 a6 15. bxa6 Rxa6 16. Nd5 Ng6 17. e3 g4 18. f4 gxf3 19. Bxf3 c6 20. Nb6 Qe7 21. Ng2 e4 22. dxe4 Ne5 23. Nf4 fxe4 24. Bxe4 Nxc4 25. Nxc4 Bxc4 26. Bh7+ Kxh7 27. Qc2+ Kg8 28. Qxc4+ d5 29. Qc2 Qe4 30. Qxe4 dxe4 31. Rfd1 c5 32. Rdc1 Rc6 33. Bc3 Re8 34. Bxg7 Kxg7 35. Nd5 0-1

[Event "RACC ch"]
[Site "Ottawa CAN"]
[Date "2000.02.17"]
[Round "7"]
[White "Pacey, Kevin"]
[Black "Djerkovic, Miladin"]
[Result "0-1"]
[WhiteElo "2330"]
[BlackElo "2300"]
[PlyCount "80"]
[GameId "2160767911741559"]
[EventDate "2000.01.06"]
[EventType "swiss"]
[EventRounds "7"]
[EventCountry "CAN"]

1. e4 c5 2. Nf3 e6 3. Nc3 a6 4. g3 b5 5. Bg2 Bb7 6. d3 d6 7. O-O Nf6 8. Ng5 h6 9. Nh3 Qc7 10. f4 Nbd7 11. Qe2 b4 12. Nd1 Be7 13. Ne3 O-O 14. g4 Nh7 15. f5 Bg5 16. Nxg5 hxg5 17. Qe1 Ne5 18. h4 Qe7 19. h5 Rad8 20. Qg3 f6 21. fxe6 Qxe6 22. Bd2 Rf7 23. Rf2 Nf8 24. Bf1 d5 25. exd5 Bxd5 26. Nxd5 Rxd5 27. Be2 Rd4 28. c3 bxc3 29. bxc3 Rd8 30. Rd1 Nxd3 31. Bxd3 Rxd3 32. Rf3 Rxf3 33. Qxf3 Rd7 34. Be1 Rxd1 35. Qxd1 Qxa2 36. Qd3 Qe6 37. Qg3 Nd7 38. Kg2 Ne5 39. Kh3 Qd5 40. Kh2 Qe4 0-1

[Event "Remembrance op"]
[Site "Winnipeg CAN"]
[Date "2000.11.10"]
[Round "1"]
[White "Khedkar, Jay S"]
[Black "Xia, Yanchong"]
[Result "1-0"]
[WhiteElo "1984"]
[BlackElo "1812"]
[PlyCount "76"]
[GameId "2160767911635799"]
[EventDate "2000.11.??"]
[EventType "swiss"]
[EventRounds "5"]
[EventCountry "CAN"]
[SourceTitle "EXT 2005"]
[Source "ChessBase"]
[SourceDate "2004.11.15"]
[SourceVersion "1"]
[SourceVersionDate "2004.11.15"]
[SourceQuality "1"]

1. d4 Nf6 2. c4 g6 3. Nc3 Bg7 4. e4 d6 5. Be2 O-O 6. Nf3 Na6 7. O-O e5 8. d5 Nc5 9. Qc2 a5 10. Bg5 h6 11. Be3 Nh5 12. Ne1 Nf4 13. Nd3 Ncxd3 14. Bxd3 f5 15. f3 Nh5 16. Qd2 f4 17. Bf2 g5 18. c5 g4 19. fxg4 Bxg4 20. cxd6 cxd6 21. Rac1 Rf6 22. Bh4 Qb6+ 23. Qf2 Qxf2+ 24. Rxf2 Rg6 25. Nb5 f3 26. g3 Bd7 27. Kf1 Bh3+ 28. Ke1 Bg2 29. Rfc2 Nf6 30. Rc8+ Rxc8 31. Rxc8+ Kh7 32. Bxf6 Rxf6 33. Kf2 h5 34. Rd8 Kg6 35. Nxd6 Bf8 36. Nxb7 Rb6 37. Rxf8 Rxb2+ 38. Ke3 Rxb7 1-0

[Event "Remembrance op"]
[Site "Winnipeg CAN"]
[Date "2000.11.10"]
[Round "1"]
[White "Lafreniere, Adrian"]
[Black "Mundwiler, Les"]
[Result "0-1"]
[WhiteElo "1671"]
[BlackElo "2052"]
[PlyCount "42"]
[GameId "2160767911635800"]
[EventDate "2000.11.??"]
[EventType "swiss"]
[EventRounds "5"]
[EventCountry "CAN"]
[SourceTitle "EXT 2005"]
[Source "ChessBase"]
[SourceDate "2004.11.15"]
[SourceVersion "1"]
[SourceVersionDate "2004.11.15"]
[SourceQuality "1"]

1. e4 e5 2. Nf3 Nc6 3. d4 exd4 4. Nxd4 Bc5 5. Be3 Bb6 6. Bc4 Nge7 7. O-O O-O 8. c3 d6 9. Qh5 Ne5 10. Be2 f5 11. f4 N5g6 12. Bc4+ Kh8 13. Nd2 d5 14. exd5 Nxd5 15. Bxd5 Qxd5 16. Rf3 Rf6 17. Rh3 h6 18. g4 Bd7 19. g5 Bxd4 20. Bxd4 Nxf4 21. Qh4 Qg2# 0-1

[Event "Remembrance op"]
[Site "Winnipeg CAN"]
[Date "2000.11.10"]
[Round "1"]
[White "Proulx, Roy"]
[Black "Magyar, Peter"]
[Result "0-1"]
[WhiteElo "1675"]
[BlackElo "1499"]
[PlyCount "86"]
[GameId "2160767911635801"]
[EventDate "2000.11.??"]
[EventType "swiss"]
[EventRounds "5"]
[EventCountry "CAN"]
[SourceTitle "EXT 2005"]
[Source "ChessBase"]
[SourceDate "2004.11.15"]
[SourceVersion "1"]
[SourceVersionDate "2004.11.15"]
[SourceQuality "1"]

1. e4 e6 2. d4 d5 3. Nd2 Nf6 4. e5 Nfd7 5. f4 c5 6. c3 Nc6 7. Ndf3 cxd4 8. cxd4 Be7 9. Bd3 f6 10. Ne2 f5 11. a3 a6 12. b4 b5 13. Be3 Bb7 14. Ng3 Nb6 15. Bf2 a5 16. Bxb5 axb4 17. axb4 Bxb4+ 18. Kf1 O-O 19. Ng5 Qc8 20. Rc1 Ba6 21. Bxa6 Rxa6 22. h4 h6 23. Qh5 Be7 24. Qg6 Bxg5 25. hxg5 Ne7 26. Rxc8 Nxg6 27. Rxf8+ Kxf8 28. gxh6 Ra1+ 29. Be1 gxh6 30. Nh5 Rd1 31. Ke2 Rxd4 32. g3 Ra4 33. Bf2 Nc4 34. Bc5+ Kf7 35. Rb1 Ra2+ 36. Kd3 Rb2 37. Ra1 Rh2 38. Nf6 Ngxe5+ 39. fxe5 Nxe5+ 40. Kc3 Kxf6 41. Bd4 Rg2 42. Re1 Rxg3+ 43. Kd2 Rd3+ 0-1

[Event "Remembrance op"]
[Site "Winnipeg CAN"]
[Date "2000.11.10"]
[Round "1"]
[White "Trueman, Francis"]
[Black "Czarny, Keith"]
[Result "0-1"]
[WhiteElo "1455"]
[BlackElo "1674"]
[PlyCount "84"]
[GameId "2160767911635802"]
[EventDate "2000.11.??"]
[EventType "swiss"]
[EventRounds "5"]
[EventCountry "CAN"]
[SourceTitle "EXT 2005"]
[Source "ChessBase"]
[SourceDate "2004.11.15"]
[SourceVersion "1"]
[SourceVersionDate "2004.11.15"]
[SourceQuality "1"]

1. Nf3 g6 2. g3 Bg7 3. Bg2 Nf6 4. d3 O-O 5. O-O d5 6. Nbd2 Nc6 7. c3 e5 8. Re1 Re8 9. e4 dxe4 10. dxe4 Be6 11. Qe2 Qd7 12. b3 Bg4 13. Bb2 Rad8 14. Rad1 Qc8 15. Nf1 Rd6 16. Ba3 Rxd1 17. Rxd1 Rd8 18. Rxd8+ Qxd8 19. N1d2 Ne8 20. h3 Be6 21. Qb5 Bc8 22. Qe2 Nd6 23. Bb2 a6 24. Nf1 Nb5 25. a4 Nd6 26. h4 Be6 27. N1d2 Bg4 28. Nf1 Qd7 29. N1h2 Be6 30. Nd2 Ne8 31. g4 Na5 32. Qf3 Qxd2 33. Ba3 Qe1+ 34. Bf1 Bxb3 35. Qd3 Qd1 36. Qe3 Nc4 37. Qc5 Nxa3 38. Qxa3 Bf8 39. Qb2 Nd6 40. Kg2 Qc2 41. Qa1 Nxe4 42. Qe1 Bc5 0-1

[Event "Remembrance op"]
[Site "Winnipeg CAN"]
[Date "2000.11.11"]
[Round "2"]
[White "Barkman, Daniel"]
[Black "Vincent, Trevor"]
[Result "1-0"]
[WhiteElo "1576"]
[BlackElo "1360"]
[PlyCount "51"]
[GameId "2160767911635803"]
[EventDate "2000.11.??"]
[EventType "swiss"]
[EventRounds "5"]
[EventCountry "CAN"]
[SourceTitle "EXT 2005"]
[Source "ChessBase"]
[SourceDate "2004.11.15"]
[SourceVersion "1"]
[SourceVersionDate "2004.11.15"]
[SourceQuality "1"]

1. e4 g6 2. d4 Bg7 3. Nf3 d6 4. Bc4 Nf6 5. Nc3 c6 6. O-O Nbd7 7. Bg5 O-O 8. Qd2 Qb6 9. Bb3 a6 10. Bh6 Qc7 11. Bxg7 Kxg7 12. Nh4 c5 13. Bc4 b5 14. Be2 b4 15. Nd5 Nxd5 16. exd5 Nf6 17. dxc5 Qxc5 18. Rad1 Bb7 19. Bf3 Qc4 20. g3 a5 21. Rfe1 Rfe8 22. b3 Qc5 23. Re2 Rac8 24. Qg5 Kh8 25. Rxe7 Ng8 26. Rxb7 1-0

[Event "Remembrance op"]
[Site "Winnipeg CAN"]
[Date "2000.11.11"]
[Round "2"]
[White "Czarny, Keith"]
[Black "Magyar, Peter"]
[Result "1-0"]
[WhiteElo "1674"]
[BlackElo "1499"]
[PlyCount "87"]
[GameId "2160767911635804"]
[EventDate "2000.11.??"]
[EventType "swiss"]
[EventRounds "5"]
[EventCountry "CAN"]
[SourceTitle "EXT 2005"]
[Source "ChessBase"]
[SourceDate "2004.11.15"]
[SourceVersion "1"]
[SourceVersionDate "2004.11.15"]
[SourceQuality "1"]

1. Nf3 d5 2. g3 Bf5 3. Bg2 e6 4. O-O Nf6 5. d3 h6 6. Nbd2 Be7 7. Nh4 Bh7 8. e4 dxe4 9. dxe4 Nbd7 10. Re1 Ne5 11. b3 Qd4 12. Rb1 Nfg4 13. Qe2 Bc5 14. Rf1 Rd8 15. Ndf3 Qxe4 16. Qb5+ Nd7 17. Bf4 Qxc2 18. Rbc1 Bxf2+ 19. Kh1 Bd3 20. Rxc2 Bxb5 21. Rfxf2 Nxf2+ 22. Rxf2 g5 23. Nxg5 hxg5 24. Bxg5 f6 25. Be3 Bc6 26. Bxc6 bxc6 27. Ng6 Rg8 28. Nf4 Kf7 29. Bxa7 Nb6 30. Kg2 Ra8 31. Bxb6 cxb6 32. Nd3 c5 33. a4 Ke7 34. h4 c4 35. bxc4 Rxa4 36. Rb2 Rd8 37. Nf4 Rd6 38. h5 Rxc4 39. Ra2 Rcd4 40. Kh3 Kf7 41. h6 e5 42. h7 Kg7 43. Ra7+ Kh8 44. Ng6# 1-0

[Event "Remembrance op"]
[Site "Winnipeg CAN"]
[Date "2000.11.11"]
[Round "2"]
[White "Lafreniere, Adrian"]
[Black "Khedkar, Jay S"]
[Result "0-1"]
[WhiteElo "1671"]
[BlackElo "1984"]
[PlyCount "62"]
[GameId "2160767911635805"]
[EventDate "2000.11.??"]
[EventType "swiss"]
[EventRounds "5"]
[EventCountry "CAN"]
[SourceTitle "EXT 2005"]
[Source "ChessBase"]
[SourceDate "2004.11.15"]
[SourceVersion "1"]
[SourceVersionDate "2004.11.15"]
[SourceQuality "1"]

1. e4 c5 2. Nf3 e6 3. d4 cxd4 4. Nxd4 Nf6 5. Bd3 Nc6 6. Nxc6 bxc6 7. O-O d6 8. f4 Qc7 9. Be3 Bb7 10. Nc3 a6 11. Qe2 Be7 12. Kh1 c5 13. Bd2 O-O 14. Rf3 d5 15. Rh3 c4 16. e5 cxd3 17. Qxd3 Ne4 18. Nxe4 dxe4 19. Qe2 Rfd8 20. f5 Qxe5 21. Bc3 Qxf5 22. Rf1 Qb5 23. Qf2 f5 24. Re1 f4 25. a4 Qf5 26. Qe2 f3 27. Qf2 e3 28. Qg3 fxg2+ 29. Kg1 Qf2+ 30. Qxf2 exf2+ 31. Kxf2 Bc5+ 0-1

[Event "Remembrance op"]
[Site "Winnipeg CAN"]
[Date "2000.11.11"]
[Round "2"]
[White "Mundwiler, Les"]
[Black "Schulz, Waldemar"]
[Result "0-1"]
[WhiteElo "2052"]
[BlackElo "2034"]
[PlyCount "66"]
[GameId "2160767911635806"]
[EventDate "2000.11.??"]
[EventType "swiss"]
[EventRounds "5"]
[EventCountry "CAN"]
[SourceTitle "EXT 2005"]
[Source "ChessBase"]
[SourceDate "2004.11.15"]
[SourceVersion "1"]
[SourceVersionDate "2004.11.15"]
[SourceQuality "1"]

1. d4 Nf6 2. c4 g6 3. Nf3 Bg7 4. Nc3 d5 5. e3 c5 6. Be2 cxd4 7. exd4 Nc6 8. O-O O-O 9. c5 Ne4 10. Be3 e5 11. dxe5 Nxc3 12. bxc3 Nxe5 13. Bd4 Nc6 14. Bxg7 Kxg7 15. Qd2 Qe7 16. c4 dxc4 17. Qc3+ Qf6 18. Qxf6+ Kxf6 19. Bxc4 Rd8 20. Rab1 Na5 21. Be2 Rd5 22. Rfc1 Bd7 23. Rb4 Rc8 24. Rd4 Be6 25. h4 Rdxc5 26. Rf4+ Kg7 27. Rxc5 Rxc5 28. a3 Nc6 29. g4 Rc1+ 30. Kh2 Rc2 31. Bd3 Rxf2+ 32. Kg3 Ra2 33. Ra4 Bb3 0-1

[Event "Remembrance op"]
[Site "Winnipeg CAN"]
[Date "2000.11.11"]
[Round "2"]
[White "Trueman, Francis"]
[Black "Proulx, Roy"]
[Result "0-1"]
[WhiteElo "1455"]
[BlackElo "1675"]
[PlyCount "40"]
[GameId "2160767911635807"]
[EventDate "2000.11.??"]
[EventType "swiss"]
[EventRounds "5"]
[EventCountry "CAN"]
[SourceTitle "EXT 2005"]
[Source "ChessBase"]
[SourceDate "2004.11.15"]
[SourceVersion "1"]
[SourceVersionDate "2004.11.15"]
[SourceQuality "1"]

1. Nf3 d5 2. d3 Nf6 3. Nbd2 Bf5 4. g3 e6 5. Bg2 Bd6 6. O-O O-O 7. Nh4 c6 8. Nxf5 exf5 9. Nf3 Na6 10. c3 Nc7 11. Re1 h6 12. Nh4 Qd7 13. Bh3 Ne6 14. Nxf5 Kh7 15. Nxd6 Qxd6 16. e4 dxe4 17. dxe4 Qc5 18. Qc2 Nd4 19. e5+ Nxc2 20. exf6 Nxe1 0-1

[Event "Remembrance op"]
[Site "Winnipeg CAN"]
[Date "2000.11.11"]
[Round "2"]
[White "Xia, Yanchong"]
[Black "Henson, Joshua"]
[Result "0-1"]
[WhiteElo "1812"]
[BlackElo "2125"]
[PlyCount "66"]
[GameId "2160767911635808"]
[EventDate "2000.11.??"]
[EventType "swiss"]
[EventRounds "5"]
[EventCountry "CAN"]
[SourceTitle "EXT 2005"]
[Source "ChessBase"]
[SourceDate "2004.11.15"]
[SourceVersion "1"]
[SourceVersionDate "2004.11.15"]
[SourceQuality "1"]

1. e4 e6 2. d4 d5 3. e5 c5 4. c3 Nc6 5. Nf3 Bd7 6. a3 f6 7. Bd3 Qc7 8. O-O O-O-O 9. Re1 Nh6 10. b4 c4 11. Bc2 Nf7 12. Bf4 g5 13. Bg3 f5 14. h3 Ne7 15. a4 h5 16. Na3 Rg8 17. Nb5 Bxb5 18. axb5 f4 19. Bh2 g4 20. Bxf4 gxf3 21. Rxa7 Rxg2+ 22. Kf1 Ng5 23. Bxg5 Rxg5 24. Qxf3 Kd7 25. Qf7 Rg7 26. Qxh5 Nc8 27. b6 Nxb6 28. Rea1 Be7 29. Qd1 Bg5 30. R1a5 Rf8 31. Ba4+ Ke7 32. Bc6 Qxc6 33. Rc5 Qd7 0-1

[Event "Remembrance op"]
[Site "Winnipeg CAN"]
[Date "2000.11.11"]
[Round "3"]
[White "Barkman, Daniel"]
[Black "Czarny, Keith"]
[Result "0-1"]
[WhiteElo "1576"]
[BlackElo "1674"]
[PlyCount "54"]
[GameId "2160767911635809"]
[EventDate "2000.11.??"]
[EventType "swiss"]
[EventRounds "5"]
[EventCountry "CAN"]
[SourceTitle "EXT 2005"]
[Source "ChessBase"]
[SourceDate "2004.11.15"]
[SourceVersion "1"]
[SourceVersionDate "2004.11.15"]
[SourceQuality "1"]

1. e4 Nf6 2. Nc3 d6 3. d4 g6 4. Nf3 Bg7 5. Bc4 O-O 6. Bg5 Nxe4 7. Nxe4 d5 8. Bd3 dxe4 9. Bxe4 Nd7 10. Qd2 Re8 11. O-O-O Nf6 12. Bd3 a5 13. h4 a4 14. a3 Bg4 15. Be2 Nh5 16. Nh2 Bxe2 17. Qxe2 Qd5 18. Nf3 Qa2 19. Qb5 c6 20. Qb4 b6 21. Kd2 c5 22. Qc3 cxd4 23. Nxd4 Rad8 24. Ke2 Qd5 25. Qf3 Qc4+ 26. Ke1 Rxd4 27. Rxd4 Qxd4 0-1

[Event "Remembrance op"]
[Site "Winnipeg CAN"]
[Date "2000.11.11"]
[Round "3"]
[White "Khedkar, Jay S"]
[Black "Mundwiler, Les"]
[Result "1-0"]
[WhiteElo "1984"]
[BlackElo "2052"]
[PlyCount "49"]
[GameId "2160767911635810"]
[EventDate "2000.11.??"]
[EventType "swiss"]
[EventRounds "5"]
[EventCountry "CAN"]
[SourceTitle "EXT 2005"]
[Source "ChessBase"]
[SourceDate "2004.11.15"]
[SourceVersion "1"]
[SourceVersionDate "2004.11.15"]
[SourceQuality "1"]

1. e4 e5 2. f4 Bc5 3. Nf3 d6 4. Nc3 Nc6 5. Bb5 Bg4 6. Na4 Bb6 7. d3 f6 8. Nxb6 axb6 9. O-O Nge7 10. Qe1 Be6 11. d4 exd4 12. Nxd4 Bf7 13. Qc3 Qd7 14. Be3 O-O 15. Rad1 Qc8 16. a3 Nxd4 17. Bxd4 c6 18. Be2 Qc7 19. Qg3 Kh8 20. Bd3 d5 21. e5 Bg6 22. exf6 gxf6 23. Qh4 Kg7 24. f5 Be8 25. Qg5+ 1-0

[Event "Remembrance op"]
[Site "Winnipeg CAN"]
[Date "2000.11.11"]
[Round "3"]
[White "Schulz, Waldemar"]
[Black "Xia, Yanchong"]
[Result "0-1"]
[WhiteElo "2034"]
[BlackElo "1812"]
[PlyCount "57"]
[GameId "2160767911635811"]
[EventDate "2000.11.??"]
[EventType "swiss"]
[EventRounds "5"]
[EventCountry "CAN"]
[SourceTitle "EXT 2005"]
[Source "ChessBase"]
[SourceDate "2004.11.15"]
[SourceVersion "1"]
[SourceVersionDate "2004.11.15"]
[SourceQuality "1"]

1. Nf3 c5 2. c4 Nf6 3. b3 e6 4. Bb2 Be7 5. g3 b6 6. Bg2 Bb7 7. O-O O-O 8. Nc3 a6 9. d4 cxd4 10. Nxd4 Qc7 11. Qd3 Bxg2 12. Kxg2 d6 13. Rfd1 Nbd7 14. Nf3 Rfd8 15. Rac1 Nc5 16. Qc2 Rac8 17. Kg1 Qb7 18. Rd4 d5 19. Rcd1 Nce4 20. Nxe4 Nxe4 21. R4d3 b5 22. Nd2 bxc4 23. bxc4 Nxd2 24. R1xd2 dxc4 25. Rxd8+ Bxd8 26. Qa4 Bg5 27. Rc2 h6 28. Bd4 Qd5 29. Bb6 0-1

[Event "Remembrance op"]
[Site "Winnipeg CAN"]
[Date "2000.11.11"]
[Round "3"]
[White "Syrnick, Zenon"]
[Black "Proulx, Roy"]
[Result "0-1"]
[WhiteElo "1553"]
[BlackElo "1675"]
[PlyCount "58"]
[GameId "2160767911635812"]
[EventDate "2000.11.??"]
[EventType "swiss"]
[EventRounds "5"]
[EventCountry "CAN"]
[SourceTitle "EXT 2005"]
[Source "ChessBase"]
[SourceDate "2004.11.15"]
[SourceVersion "1"]
[SourceVersionDate "2004.11.15"]
[SourceQuality "1"]

1. d4 d5 2. c4 e6 3. Nc3 Nf6 4. Bg5 Be7 5. e3 O-O 6. Nf3 c6 7. Bd3 Nbd7 8. Qc2 Re8 9. O-O h6 10. Bh4 dxc4 11. Bxc4 b5 12. Bd3 Bb7 13. Rac1 Rc8 14. Rfd1 Nd5 15. a3 Bxh4 16. Nxh4 Qxh4 17. b4 Qg5 18. Ne4 Qe7 19. Qe2 e5 20. Qh5 exd4 21. g4 dxe3 22. g5 Nf4 23. Qh4 exf2+ 24. Kxf2 Nxd3+ 25. Rxd3 c5 26. Re1 Bxe4 27. Rde3 f5 28. Qg3 hxg5 29. Rg1 f4 0-1

[Event "Remembrance op"]
[Site "Winnipeg CAN"]
[Date "2000.11.12"]
[Round "4"]
[White "Khedkar, Jay S"]
[Black "Henson, Joshua"]
[Result "0-1"]
[WhiteElo "1984"]
[BlackElo "2125"]
[PlyCount "78"]
[GameId "2160767911635813"]
[EventDate "2000.11.??"]
[EventType "swiss"]
[EventRounds "5"]
[EventCountry "CAN"]
[SourceTitle "EXT 2005"]
[Source "ChessBase"]
[SourceDate "2004.11.15"]
[SourceVersion "1"]
[SourceVersionDate "2004.11.15"]
[SourceQuality "1"]

1. e4 e6 2. d4 d5 3. Nd2 Nf6 4. e5 Nfd7 5. Bd3 c5 6. c3 Nc6 7. Ne2 cxd4 8. cxd4 f6 9. Nf4 Nxd4 10. Qh5+ Ke7 11. Ng6+ hxg6 12. exf6+ Nxf6 13. Qxh8 Kf7 14. f4 Qb6 15. Qh4 Nf5 16. Bxf5 Qe3+ 17. Kd1 gxf5 18. Qg3 Ng4 19. Qxe3 Nxe3+ 20. Ke2 Nxg2 21. Kf3 Nh4+ 22. Kg3 Be7 23. Nf3 Nxf3 24. Kxf3 Bf6 25. Rd1 Bd7 26. Be3 Bc6 27. Bd4 Bxd4 28. Rxd4 g5 29. fxg5 e5 30. Rh4 d4+ 31. Ke2 f4 32. Rg1 f3+ 33. Kf2 e4 34. Kg3 Rd8 35. Rf4+ Kg7 36. Rd1 d3 37. Kf2 d2 38. h4 Rd3 39. h5 e3+ 0-1

[Event "Remembrance op"]
[Site "Winnipeg CAN"]
[Date "2000.11.12"]
[Round "4"]
[White "Lafreniere, Adrian"]
[Black "Schulz, Waldemar"]
[Result "0-1"]
[WhiteElo "1671"]
[BlackElo "2034"]
[PlyCount "122"]
[GameId "2160767911635814"]
[EventDate "2000.11.??"]
[EventType "swiss"]
[EventRounds "5"]
[EventCountry "CAN"]
[SourceTitle "EXT 2005"]
[Source "ChessBase"]
[SourceDate "2004.11.15"]
[SourceVersion "1"]
[SourceVersionDate "2004.11.15"]
[SourceQuality "1"]

1. e4 c5 2. Nf3 e6 3. d4 cxd4 4. Nxd4 Nf6 5. Bd3 Nc6 6. Nxc6 bxc6 7. O-O d6 8. Be3 Be7 9. f4 Qc7 10. Nc3 Bb7 11. Qe2 a6 12. Kh1 c5 13. Bd2 O-O 14. e5 Nd5 15. Nxd5 Bxd5 16. c4 Bb7 17. Rae1 Rfe8 18. Qg4 Rad8 19. Re3 g6 20. Bc3 d5 21. cxd5 Bxd5 22. a3 c4 23. Bc2 Bf8 24. h4 h5 25. Qe2 Bh6 26. Rg3 Bg7 27. Bd4 Bc6 28. Bc3 Qe7 29. Rh3 Qb7 30. Kh2 Rd7 31. Re1 Bh6 32. Rf1 Red8 33. Ba5 Rb8 34. Bc3 Rbd8 35. Rg3 Bg7 36. Rf2 Bd5 37. Bb4 Ra8 38. Ba4 Rdd8 39. Ba5 Rdc8 40. Bb4 Be4 41. Bc2 Bxc2 42. Qxc2 a5 43. Bd6 Rc6 44. Qc1 Rac8 45. Rc2 Qa6 46. Be7 Qa7 47. Bg5 Bf8 48. Rgc3 Qb7 49. Rxc4 Rxc4 50. Rxc4 Rxc4 51. Qxc4 Qxb2 52. a4 Qb7 53. Qd3 Be7 54. Bxe7 Qxe7 55. Kh3 Kg7 56. Qb5 Qb4 57. Qxb4 axb4 58. a5 b3 59. a6 b2 60. a7 b1=Q 61. a8=Q Qf5+ 0-1

[Event "Remembrance op"]
[Site "Winnipeg CAN"]
[Date "2000.11.12"]
[Round "4"]
[White "Magyar, Peter"]
[Black "Barkman, Daniel"]
[Result "0-1"]
[WhiteElo "1499"]
[BlackElo "1576"]
[PlyCount "68"]
[GameId "2160767911635815"]
[EventDate "2000.11.??"]
[EventType "swiss"]
[EventRounds "5"]
[EventCountry "CAN"]
[SourceTitle "EXT 2005"]
[Source "ChessBase"]
[SourceDate "2004.11.15"]
[SourceVersion "1"]
[SourceVersionDate "2004.11.15"]
[SourceQuality "1"]

1. e4 e6 2. d4 d5 3. Nd2 Nf6 4. e5 Nfd7 5. Bd3 c5 6. c3 Nc6 7. Ne2 Qb6 8. Nf3 cxd4 9. cxd4 f6 10. exf6 Nxf6 11. O-O Bd6 12. b3 O-O 13. Bf4 Qc7 14. Bxd6 Qxd6 15. Re1 Ng4 16. Ng3 Ne7 17. Bxh7+ Kxh7 18. Ng5+ Kg8 19. Qxg4 Rf6 20. Re3 Bd7 21. Nh5 Rg6 22. Rf3 e5 23. Qg3 Nf5 24. Qg4 Nxd4 25. Qh4 Nxf3+ 26. Nxf3 Rf8 27. Ng5 Rf5 28. Nf6+ Qxf6 29. Qh7+ Kf8 30. Qh8+ Ke7 31. Nh7 Qh4 32. g3 Qd4 33. Rc1 Qxf2+ 34. Kh1 Qf3+ 0-1

[Event "Remembrance op"]
[Site "Winnipeg CAN"]
[Date "2000.11.12"]
[Round "4"]
[White "Mundwiler, Les"]
[Black "Xia, Yanchong"]
[Result "1-0"]
[WhiteElo "2052"]
[BlackElo "1812"]
[PlyCount "73"]
[GameId "2160767911635816"]
[EventDate "2000.11.??"]
[EventType "swiss"]
[EventRounds "5"]
[EventCountry "CAN"]
[SourceTitle "EXT 2005"]
[Source "ChessBase"]
[SourceDate "2004.11.15"]
[SourceVersion "1"]
[SourceVersionDate "2004.11.15"]
[SourceQuality "1"]

1. c4 Nf6 2. Nc3 e6 3. Nf3 c5 4. g3 b6 5. Bg2 Bb7 6. O-O Be7 7. d4 cxd4 8. Nb5 a6 9. Nbxd4 d6 10. b3 Qc7 11. Bb2 O-O 12. Rc1 Nbd7 13. b4 Rac8 14. a3 Rfd8 15. Bh3 Nf8 16. Nd2 Qb8 17. Qb3 d5 18. Bg2 N8d7 19. cxd5 Nxd5 20. e4 N5f6 21. Rxc8 Rxc8 22. Nxe6 fxe6 23. Qxe6+ Kf8 24. e5 Bxg2 25. exf6 Nxf6 26. Bxf6 Bxf6 27. Kxg2 Re8 28. Qb3 Qe5 29. Rd1 Qf5 30. Nf3 g5 31. h3 h5 32. Qd5 Qg6 33. Re1 Rd8 34. Qc6 g4 35. hxg4 hxg4 36. Ne5 Qf5 37. Nxg4 1-0

[Event "Remembrance op"]
[Site "Winnipeg CAN"]
[Date "2000.11.12"]
[Round "4"]
[White "Proulx, Roy"]
[Black "Czarny, Keith"]
[Result "0-1"]
[WhiteElo "1675"]
[BlackElo "1674"]
[PlyCount "66"]
[GameId "2160767911635817"]
[EventDate "2000.11.??"]
[EventType "swiss"]
[EventRounds "5"]
[EventCountry "CAN"]
[SourceTitle "EXT 2005"]
[Source "ChessBase"]
[SourceDate "2004.11.15"]
[SourceVersion "1"]
[SourceVersionDate "2004.11.15"]
[SourceQuality "1"]

1. e4 e6 2. d4 d5 3. Nd2 Nc6 4. e5 Nxd4 5. c3 Nc6 6. Ndf3 Nge7 7. Bg5 h6 8. Bh4 Qd7 9. Bb5 a6 10. Qa4 Ra7 11. Bd3 Nxe5 12. Qd4 Nxd3+ 13. Qxd3 Nf5 14. Bg3 Nxg3 15. hxg3 Qb5 16. Qd2 Bd6 17. Ne2 c5 18. g4 f6 19. Nh4 b6 20. f4 Rd7 21. O-O d4 22. a4 Qc4 23. b3 Qd5 24. cxd4 Qe4 25. Rf3 g5 26. Ng3 Qh7 27. Nh5 Rf7 28. fxg5 hxg5 29. Nf5 exf5 30. Re1+ Kf8 31. a5 fxg4 32. Qe2 Be5 33. Nxf6 Qh2+ 0-1

[Event "Remembrance op"]
[Site "Winnipeg CAN"]
[Date "2000.11.12"]
[Round "5"]
[White "Barkman, Daniel"]
[Black "Gannon, Keith"]
[Result "0-1"]
[WhiteElo "1576"]
[BlackElo "1583"]
[PlyCount "60"]
[GameId "2160767911635818"]
[EventDate "2000.11.??"]
[EventType "swiss"]
[EventRounds "5"]
[EventCountry "CAN"]
[SourceTitle "EXT 2005"]
[Source "ChessBase"]
[SourceDate "2004.11.15"]
[SourceVersion "1"]
[SourceVersionDate "2004.11.15"]
[SourceQuality "1"]

1. e4 d6 2. d4 Nd7 3. Bc4 e6 4. Nf3 Ngf6 5. Bg5 Be7 6. Nc3 O-O 7. O-O a6 8. Qd2 b5 9. Bd3 Bb7 10. Rfe1 c5 11. b3 cxd4 12. Nxd4 Nc5 13. Re3 b4 14. Nce2 Nfxe4 15. Bxe7 Nxd2 16. Bxd8 Raxd8 17. Ng3 f5 18. Nxe6 f4 19. Nxd8 fxe3 20. Nxb7 exf2+ 21. Kh1 Nxd3 22. cxd3 Re8 23. Ne4 Nxe4 24. g3 Nxg3+ 25. Kg2 f1=Q+ 26. Rxf1 Nxf1 27. Kxf1 Re3 28. Nxd6 Rxd3 29. Nc4 Rc3 30. Kg1 Rc1+ 0-1